The BIG 5 Quiz - General Knowledge - Statistics

General Stats
  • This quiz has been taken 212 times
  • The average score is 36 of 70
Answer Stats
Hint Answer % Correct
5 largest Countries by Area Russia
99%
Russia
99%
Brazil
96%
5 Countries that have won more than 1 World Soccer Cup Brazil
96%
Canada
95%
5 Longest Coastlines Canada
95%
USA
95%
English
93%
China
91%
5 Most Popular World Sports: (Fans) Football / Soccer
88%
Spanish
88%
5 Highest Mountains: Everest
85%
5 Lightest Elements (first 5 in periodic table: Hydrogen
83%
5 Most Spoken Languages Chinese
81%
Ghana
79%
Helium
78%
5 Largest Islands by Area Greenland
77%
Banana
75%
Apples
74%
Germany
74%
5 Longest Rivers: Nile
73%
K2
71%
Amazon
70%
Argentina
66%
Guinea
65%
Gambia
64%
Cricket
62%
Arabic
61%
Madagascar
61%
Oranges
61%
Italy
60%
5 African Countries beginning with 'G' Gabon
57%
Superior
53%
Tennis
52%
Guinea-Bissau
51%
Japan
50%
Uruguay
50%
Lithium
47%
Michigan
46%
Helsinki
44%
Hindi
44%
Victoria
44%
Boron
40%
Indonesia
40%
5 Country Capitals beginning with 'H' Hanoi
37%
Grapes
36%
Yangtze
36%
Borneo
35%
5 Highest Altitude Capitals: La Paz
35%
Huron
33%
Hockey (Field)
32%
Yellow
32%
5 Largest Lakes (In Area) Caspian Sea
29%
Beryllium
27%
Havana
26%
Harare
22%
NewGuinea
22%
Quito
19%
Baffin
18%
Honiara
18%
Philippines
18%
Thimphu
11%
5 Top Fruits in Production - Worldwide Watermelon
9%
Bogota
8%
Volley Ball
8%
Kanchenjunga
2%
Addis Ababa
1%
Lhotse
1%
Makalu
1%
Parana
1%
No matching quizzes found
Score Distribution
Percent of People with Each Score
Percentile by Number Answered
Your Score History
You have not taken this quiz